• 首页
  • 本馆介绍
  • 公告通知
  • 最新文献
  • 馆藏检索
  • 电子资源
  • 读者导购
  • 参考咨询
  • 我的图书馆
  • 登录
  • 详细信息显示
  • 放入我的书架
  • 预约/预借图书
  • 作者相关作品
  • 分类相关作品
  • 丛书相关作品
  • 出版社相关作品

书目信息

  • 表格格式
  • 工作单格式
  • 卡片格式
题名:
斯大林哲学思想资料汇编
    
 
作者: 斯大林 著 ;吉林省社会科学院哲学研究所 编
分册:  
出版信息: 长春   吉林省社会科学院哲学研究所  1983
页数: 605页
开本: 20cm
丛书名:
单 册:
中图分类: A831.63
科图分类:
主题词: 斯大林著作--学习 , 斯大林著作研究
电子资源:
ISBN:
000 00704nam0 2200205 45
001 0404240815
005 20051228102218.56
010    @dCNY1.85
100    @a20040424d1983 km y0chiy0120 ea
101 0  @achi
200 1  @a斯大林哲学思想资料汇编@ASi Da Lin Zhe Xue Si Xiang Zi Liao Hui Bian@f斯大林著@FSi Da Lin Zhu@g吉林省社会科学院哲学研究所编
210    @a长春@c吉林省社会科学院哲学研究所@d1983
215    @a605页@d20cm
606 0  @a斯大林著作@x学习
606 0  @a斯大林著作研究
690    @aA831.63@v3
701  0 @a斯大林@4著
712  0 @a吉林省社会科学院哲学研究所@AJi Lin Sheng She Hui Ke Xue Yuan Zhe Xue Yan Jiu Suo@4编
801    @aCN@bPftUser@c20051228
905    @f1@b123253@dA831.63@e3@b123255@f1
    
    斯大林哲学思想资料汇编/斯大林著/吉林省社会科学院哲学研究所编.-长春:吉林省社会科学院哲学研究所,1983
    605页;20cm
    
    
    ISBN :CNY1.85
    
●
相关链接 在E读中查询图书 在五车中查询图书 在当当中查询图书 在豆瓣中查询图书


正题名:斯大林哲学思想资料汇编     索取号:A831.63/3         预约/预借

序号 登录号 条形码 馆藏地/架位号 状态 备注
1 0123253   001388929   第一样本阅览室/ [索取号:A831.63/3] 在馆    
2 0123254   202182609   密集书库/ [索取号:A831.63/3] 在馆    
3 0123255   001388885   第一借阅区/ [索取号:A831.63/3] 在馆    
4 0123256   202144768   密集书库/ [索取号:A831.63/3] 在馆    
5 0123257   202144777   密集书库/ [索取号:A831.63/3] 在馆    
唐山师范学院图书馆 欢迎您!
大连网信软件有限公司© 版权所有